00440nam a2200145Ia 4500003000400000005001700004008004100021020001800062040000900080082001900089100002000108245011500128260004100243300001000284OSt20200605113136.0190216s9999||||xx |||||||||||||| ||und|| a9788125037552 coclc a320.954bKOT/P aKothari, Rajni  0aPolitics In India Caste In Indian Politics Rethinking Democracy The Writings Of Rajni Kothari /cRajni Kothari bOrient Black Swansc2009.aHyderbad: a1007p